Fastest Growing U.S. State Capitals - Statistics

General Stats
  • This quiz has been taken 173 times
  • The average score is 6 of 10
Answer Stats
% Increase 2010-2020 State Capital % Correct
33.0 Austin
96%
15.57 Phoenix
89%
16.5 Denver
76%
15.63 Salt Lake City
66%
25.1 Raleigh
60%
24.0 Boise
58%
20.9 Nashville
58%
16.9 Olympia
53%
20.8 Bismarck
25%
17.0 Des Moines
24%
No matching quizzes found
Score Distribution
Percent of People with Each Score
Percentile by Number Answered
Your Score History
You have not taken this quiz